[Event "42nd Arco Festival 2020"]
[Site "Arco"]
[Date "2020.10.18"]
[Round "9.5"]
[White "Sedina, Elena"]
[Black "Dittmar, Peter"]
[Result "1/2-1/2"]
[WhiteElo "2299"]
[BlackElo "2222"]
[Annotator "TA"]
[PlyCount "43"]
[EventDate "2020.10.10"]
[EventType "swiss"]
[EventCountry "ITA"]
[SourceTitle "playchess.com"]
[Source "ChessBase"]
[SourceQuality "1"]

{[%evp 25,27,8,31,27]} 1. e4 c6 2. c4 d5 3. exd5 cxd5 4. d4 Nf6 5. Nc3 e6 6. Nf3 Bb4 7. Bd3 O-O 8. O-O dxc4 9. Bxc4 b6 10. Qe2 Bb7 11. Rd1 Bxc3 12. bxc3 Nbd7 {has lost popularity (12...Qc7).} 13. Bd3 Qc7 14. c4 {[#] An uneventful encounter. E55: Nimzo-Indian: Rubinstein: Main Line: 7...dxc4 8 Bxc4 Nbd7.} {Predecessor:} Rfe8 $146 15. Bb2 Rac8 16. Rac1 Qf4 17. Qe3 Nh5 18. Be2 Qe4 19. Bd3 Qg4 20. h3 Qf4 21. Be2 Qxe3 22. fxe3 {½-½ (60) Edouard,R (2686)-Naiditsch,A (2708) Wijk aan Zee 2013} 1/2-1/2

[Event "42nd Arco Festival 2020"]
[Site "Arco"]
[Date "2020.10.18"]
[Round "9.7"]
[White "Kostov, Deyan Samuil"]
[Black "Ruzic, Pia Marie"]
[Result "1/2-1/2"]
[WhiteElo "2065"]
[BlackElo "1929"]
[Annotator "TA"]
[PlyCount "45"]
[EventDate "2020.10.10"]
[EventType "swiss"]
[EventCountry "ITA"]
[SourceTitle "playchess.com"]
[Source "ChessBase"]
[SourceQuality "1"]

{[%evp 9,45,0,4,-35,-31,-68,-62,-69,-63,-66,-62,-63,-46,-56,-54,-57,-50,-67,-73,-59,-68,-69,-76,-66,-32,-32,-27,-27,-40,-77,-66,-87,-91,-129,-116,-122,-88,-147]} 1. e4 e6 2. Nf3 d5 3. Nc3 d4 4. Ne2 c5 5. c3 Nf6 6. d3 {[%cal Rc3d4] C00: French: Unusual White 2nd moves.} Nc6 7. c4 e5 {[#]} 8. Bd2 $146 {Black is slightly better.} ({Predecessor:} 8. g3 h6 9. Bg2 Be6 10. O-O Qd7 11. a3 Bh3 12. Qa4 Bxg2 13. Kxg2 Bd6 14. Bd2 O-O 15. Nh4 Ne7 16. Qxd7 Nxd7 17. g4 Kh7 {½-½ (17) James,G (2166)-Mednikova,S (2190) Vienna 2015}) 8... Be7 9. g3 Bg4 10. Bg2 Nd7 11. h3 Be6 12. O-O Rb8 13. Qc1 Nb4 14. Ne1 b5 15. b3 f6 16. f4 a6 17. fxe5 Nxe5 18. Nf4 Bf7 19. a3 Nbc6 20. h4 O-O {Black is better.} 21. Bh3 Qd6 22. Qd1 Bd8 {[%cal Rb5c4]} 23. h5 {Av CentiPawn Loss W=-14/B=-6. Weighted=-12/-6} (23. Rf2 $142) 1/2-1/2

[Event "42nd Arco Festival 2020"]
[Site "Arco"]
[Date "2020.10.18"]
[Round "9.8"]
[White "Vezzosi, Paolo"]
[Black "Decker, Nils"]
[Result "1/2-1/2"]
[WhiteElo "2262"]
[BlackElo "2080"]
[Annotator "TA"]
[PlyCount "62"]
[EventDate "2020.10.10"]
[EventType "swiss"]
[EventCountry "ITA"]
[SourceTitle "playchess.com"]
[Source "ChessBase"]
[SourceQuality "1"]

{[%evp 14,62,18,10,10,0,7,8,45,27,89,40,96,84,84,70,109,65,84,75,77,75,72,7,188,186,189,184,184,185,205,140,133,113,113,113,113,113,131,0,0,0,0,0,0,0,0,0,0,0,0]} 1. c4 e5 2. Nc3 Nf6 3. Nf3 Nc6 4. g3 Bb4 5. Bg2 h6 6. O-O Bxc3 7. bxc3 O-O 8. d3 e4 {A29: English Opening: Four Knights Variation with 4 g3.} 9. Nd2 exd3 10. exd3 {[#]} d5 $146 ({Predecessor:} 10... d6 11. Rb1 Bg4 12. f3 Bf5 13. Ne4 b6 14. Be3 Re8 15. Qd2 Ne5 16. Rbe1 Rb8 {0-1 (60) Saidy,A-Giorgadze,T Decin 1974}) 11. Re1 {Black must now prevent Ba3.} d4 (11... dxc4 $11 12. Nxc4 Be6) 12. Bb2 Bf5 (12... dxc3 $1 $14 13. Bxc3 Qxd3) 13. cxd4 $16 Nxd4 14. Nb3 (14. Bxb7 Rb8 $11) 14... Nxb3 15. Qxb3 (15. axb3 {is interesting.} c6 16. d4 Be6 17. Re3 Re8 18. Qf3) 15... Qxd3 16. Bxf6 $1 gxf6 17. Qxb7 Qxc4 18. Rac1 ({White should try} 18. Bd5 $16 Qd3 19. Red1) 18... Qxa2 $2 (18... Rae8 $11) 19. Qb5 $18 (19. Rxc7 Rae8 $11) (19. Qxc7 Rac8 $11) 19... Be6 20. Bxa8 (20. Rxc7 Rac8 $15) 20... Rxa8 21. Rxc7 a5 22. Qb7 Qd5 23. Rb1 a4 24. Qxd5 Bxd5 $16 {[%mdl 4096] Endgame [#] KRR-KRB} 25. Rc5 $1 {[%cal Rc5d5]} Be6 {[#]} 26. Rcb5 ({Only move:} 26. Rbb5 $1 $16) 26... Kg7 $11 {The position is equal.} (26... a3 $2 27. Rb8+ Rxb8 28. Rxb8+ Kg7 29. Ra8 $18) 27. Rb8 Ra5 ({Wrong is} 27... Rxb8 $2 28. Rxb8 a3 29. Ra8 $18) 28. R1b5 Ra6 ({Don't go for} 28... Rxb5 $2 29. Rxb5 a3 30. Ra5 $18) 29. R8b6 Ra8 30. Rb8 Ra6 ({Don't blunder} 30... Rxb8 $2 31. Rxb8 a3 32. Ra8 $18) 31. R8b6 Ra8 {White really could win this. Av CentiPawn Loss W=-19/B=-18. Weighted=-22/-19} 1/2-1/2

[Event "42nd Arco Festival 2020"]
[Site "Arco"]
[Date "2020.10.18"]
[Round "9.9"]
[White "Hagner, Bennet"]
[Black "Trabattoni, Franco"]
[Result "0-1"]
[WhiteElo "2080"]
[BlackElo "2246"]
[Annotator "TA"]
[PlyCount "90"]
[EventDate "2020.10.10"]
[EventType "swiss"]
[EventCountry "ITA"]
[SourceTitle "playchess.com"]
[Source "ChessBase"]
[SourceQuality "1"]

{[%evp 25,90,37,33,-98,-69,-190,-179,-280,-175,-240,-218,-211,-184,-184,-184,-255,-42,-77,0,-235,48,-258,-255,-257,-248,-256,-249,-247,-209,-329,-237,-347,-353,-460,-468,-654,-616,-987,-983,-946,-942,-1212,-1175,-1845,-1714,-2383,-2406,-2272,-2018,-2275,-2203,-2070,-1983,-2943,-2622,-7665,-6704,-29979,-29980,-29988,-29989,-29989,-29990,-29990,-29991,-29991,-29992]} 1. e4 c5 2. Nf3 Nc6 3. d4 cxd4 4. Nxd4 g6 5. Nc3 Bg7 6. Be3 Nf6 7. Bc4 O-O 8. Bb3 d6 9. f3 Bd7 10. h4 h5 11. Qd2 Qa5 12. O-O-O Rfc8 13. Kb1 Ne5 14. g4 {B79: Sicilian Dragon: Yugoslav Attack, 9 Bc4 Bd7 10 0-0-0 Qa5.} (14. Bg5 $14 {stays ahead.}) 14... Rxc3 {[#]} 15. bxc3 $146 (15. gxh5 $1 $15 Rc5 16. hxg6 Qxd2 17. gxf7+ Kf8 18. Bxd2) ({Predecessor:} 15. g5 Nxe4 16. fxe4 Rc5 17. Qf2 Bg4 18. Rdf1 e6 19. Rhg1 Qc7 20. Qf4 Qe7 21. Rf2 Nc4 {0-1 (30) Ainutdinova,Y (2088)-Dauletova,G (2263) Tashkent 2011}) 15... hxg4 $19 16. Bh6 (16. Bg5 {is a better defense.} gxf3 17. Bxf6 Bxf6 18. Rdg1) 16... Nxf3 17. Nxf3 (17. Qe3 $142 Bxh6 18. Qxh6) 17... gxf3 18. Qf4 Bxh6 19. Qxh6 Qh5 20. Qf4 (20. Qxh5 $142 gxh5 21. Rhf1) 20... Qg4 $2 (20... Kg7 $1 $19 {And now ...Qe5 would win.} 21. Rhg1 Rh8) 21. Qh6 $15 {[#]} Qh5 $2 ({But not} 21... Nxe4 $2 22. Rdg1 $18) (21... f2 $1 $17 22. h5 gxh5 23. Rxd6 Bb5 24. Rxf6 exf6 25. Qxf6 f1=Q+ 26. Rxf1 Bxf1 27. Bxf7+ Kh7) 22. Qf4 $1 $19 {[#]} Bg4 $2 (22... Kg7 $1 $19 {...Qe5 is the strong threat.} 23. Rhg1 Rh8) 23. Rdg1 $2 {[%mdl 8192]} (23. Rxd6 $1 $14 {was forced to keep a grip.} exd6 24. Qxf6) 23... Kg7 24. Kb2 Rc8 25. Rg3 e5 26. Qe3 Rc7 27. a3 (27. Qg5 $142) 27... b6 28. Rh2 (28. Rf1 {was called for.}) 28... Qh6 29. Qg5 Bh5 30. Qxh6+ Kxh6 31. Bd5 Nxd5 32. exd5 {[%mdl 4096] Endgame KRR-KRB} e4 33. Rf2 f5 34. Kb3 f4 35. Rg5 e3 36. Rf1 e2 37. Rgg1 exf1=Q 38. Rxf1 {KRB-KR} b5 39. a4 bxa4+ 40. Kxa4 Rxc3 41. Kb5 Rxc2 {Black mates.} 42. Ka6 f2 43. Kxa7 Bg4 44. h5 gxh5 45. Kb6 Bh3 {Av CentiPawn Loss W=-236/B=-86. Weighted=-210/-69} 0-1

[Event "42nd Arco Festival 2020"]
[Site "Arco"]
[Date "2020.10.18"]
[Round "9.10"]
[White "Wollenweber, Carsten"]
[Black "Felgendreher, Heiko"]
[Result "1/2-1/2"]
[WhiteElo "2071"]
[BlackElo "2230"]
[Annotator "TA"]
[PlyCount "108"]
[EventDate "2020.10.10"]
[EventType "swiss"]
[EventCountry "ITA"]
[SourceTitle "playchess.com"]
[Source "ChessBase"]
[SourceQuality "1"]

{[%evp 20,108,26,29,12,0,15,-18,16,8,8,14,36,-47,-35,-52,-56,-56,-2,-54,-34,-43,-39,-41,-27,-40,-11,-56,-41,-59,-39,-73,-64,-72,-63,-76,-47,-72,-44,-47,-26,-70,-67,-74,-59,-67,-66,-207,-211,-331,-350,-324,-187,-206,-207,-253,-90,-171,-130,-102,-58,-368,-385,-354,-209,-566,-240,-312,0,0,0,0,0,0,795,-41,160,0,30,0,0,0,0,0,0,0,0,0,1076,-29998,610]} 1. g3 e5 2. Bg2 Nf6 3. c4 d5 4. cxd5 Nxd5 5. Nc3 Nb6 6. Nf3 Nc6 7. O-O Be7 8. d3 O-O 9. a3 a5 10. Be3 Re8 11. Rc1 Be6 {[#] A29: English Opening: Four Knights Variation with 4 g3.} 12. Ne4 $146 ({Predecessor:} 12. Na4 Nd5 13. Bd2 Qd7 14. Nc5 Bxc5 15. Rxc5 b6 16. Rxc6 Qxc6 17. Nxe5 {0-1 (49) Luukkonen,T (2291)-Agopov,M (2440) Finland 2013}) 12... Bd5 13. Nc5 Rb8 {The position is equal.} 14. Qd2 a4 15. Qc2 Na5 16. Qc3 (16. Nxe5 $2 Bxc5 17. Qxc5 Nb3 $19) (16. Nxa4 $14 Nxa4 17. Qxa4) 16... Bxc5 17. Qxa5 Bxe3 18. fxe3 f6 (18... e4 $15 19. dxe4 Bxe4) 19. Rc5 ({White should try} 19. e4 $11 Be6 20. Qb4) 19... c6 20. e4 Be6 21. Qb4 Ra8 22. Rcc1 Ra6 23. Nh4 Qe7 24. Qd2 Nd7 25. Qc3 Rb6 26. Nf5 Qf8 27. Rf2 Ra8 28. h4 Rb3 29. Qd2 Bxf5 30. Rxf5 Qd6 31. Rc3 Rb5 32. Qc2 Qd4+ 33. Kh2 (33. Rf2 $1 $15) 33... Qb6 $19 34. g4 (34. Qd1 {was called for.}) 34... Rxb2 35. Qd1 Qe3 (35... Nf8 $142 36. Rf1 Ng6) 36. Rc2 Rb3 37. Qa1 Ra5 $2 (37... Nf8 $19 {is more deadly. Threatens to win with ...Ng6.} 38. g5 fxg5 39. Qxe5 gxh4) 38. g5 (38. Qe1 $17 Rc5 39. Rxc5 Qxc5 40. g5) 38... Rab5 39. Rf3 Qb6 40. Bh3 $2 {[%mdl 8192] [#]} (40. Qe1 $15) 40... Rb1 $1 {[%csl Gb1][%cal Rb6g1]} 41. Qa2+ R5b3 (41... Kf8 $142 {[%csl Gb1][%cal Rb6g1]} 42. Bxd7 Qg1+ {[%mdl 64] Double Attack} 43. Kh3 R5b3) 42. Bxd7 $2 (42. e3 {was the crucial defense.} Kh8 43. Rg2) 42... Qg1+ 43. Kh3 Ra1 $2 (43... Kf8 $19 44. gxf6 gxf6 45. Bxc6 bxc6 46. Rxc6 Qh1+ 47. Kg3 (47. Kg4 $2 Qg2+ 48. Rg3 f5+ 49. exf5 Qxc6 $19) 47... Qg1+ 48. Kh3 Qh1+ 49. Kg3 (49. Kg4 $2 Qg2+ 50. Rg3 f5+ 51. exf5 Qxc6 $19) 49... Kg7) 44. Be6+ $11 {[%mdl 64] Double Attack} Kh8 45. Bxb3 Qh1+ 46. Kg4 Rg1+ $2 {[%mdl 8192]} (46... Rf1 $11 47. gxf6 (47. Bxa4 {gets mated.} Qg2+ 48. Kh5 g6+ 49. Kh6 Qxg5+ 50. hxg5 Rh1+ 51. Rh3 Rxh3#) 47... g6) 47. Rg3 $2 ({White must play} 47. Kf5 $18) 47... h5+ $2 {[#]} (47... Rf1 $15 {stays ahead.} 48. e3 axb3 49. Qxb3 fxg5 50. Kxg5 Rg1) 48. gxh6 $2 ({Better is} 48. Kf5 $1 $16 Rxg3 49. Bf7 (49. Bxa4 $2 Qh3+ 50. Kg6 fxg5 $19) 49... Qh3+ 50. Kg6 Qxh4 51. Be6 Qxg5+ 52. Kf7) 48... g6 49. Be6 {Hoping for e3.} Rxg3+ 50. Kxg3 Qg1+ $40 {[%mdl 128] Black has some attack.} 51. Kh3 {Strongly threatening e3!} Qh1+ 52. Kg3 Qg1+ 53. Kh3 {And now e3! would win.} f5 $2 {[%mdl 8192]} (53... Qh1+ $11 54. Kg3) 54. Bb3 $4 {[%mdl 8192]} (54. e3 $18) 54... Qh1+ $4 {[%mdl 40960] Never resign too early! Av CentiPawn Loss W=-42/B=-40. Weighted=-43/-49. An unexpected result.} (54... f4 {avoids the disaster.} 55. Bxa4 Qg3#) 1/2-1/2

[Event "42nd Arco Festival 2020"]
[Site "Arco"]
[Date "2020.10.18"]
[Round "9.12"]
[White "Heinert, Eugen"]
[Black "Lochte, Thomas"]
[Result "0-1"]
[WhiteElo "2204"]
[BlackElo "2045"]
[Annotator "TA"]
[PlyCount "58"]
[EventDate "2020.10.10"]
[EventType "swiss"]
[EventCountry "ITA"]
[SourceTitle "playchess.com"]
[Source "ChessBase"]
[SourceQuality "1"]

{[%evp 12,58,0,5,25,29,39,40,57,63,63,55,62,68,70,0,284,290,294,281,263,61,64,-6,-6,-105,-85,-139,-109,-160,-89,-201,-83,-253,-237,-248,-253,-247,-249,-516,-452,-714,-696,-29989,-29990,-29991,-29992,-29997,-362]} 1. e4 e5 2. Bc4 Nf6 3. d3 c6 4. Nf3 d5 5. Bb3 Bd6 6. Nc3 d4 7. Ne2 Nbd7 {C24: Bishop's Opening: 2...Nf6.} 8. c3 c5 9. Ng3 {And now Nf5 would win.} Nb6 {[#] White is slightly better.} 10. cxd4 $146 ({Predecessor:} 10. O-O O-O 11. h3 a5 12. a4 Bd7 13. Bd2 Nc8 14. Re1 Bb8 15. Nf5 Ne7 16. g4 {½-½ (32) Timofeev,V (2280)-Gagloshvili,R (2215) Kaluga 1996}) 10... cxd4 11. O-O h6 12. Nh4 g6 13. f4 (13. a4 $14) 13... exf4 $2 {[%mdl 8192]} (13... Ng4 $1 $11 14. Nf3 (14. Bxf7+ Kxf7 15. fxe5+ Kg7 $11) 14... exf4) 14. Bxf4 $18 Bxf4 15. Rxf4 {aiming for Qf1.} g5 {[#]} 16. Rf1 $2 (16. Bxf7+ $1 $18 Kxf7 17. Qh5+ Ke6 18. Rxf6+ Qxf6 19. Rf1) 16... gxh4 $14 17. Nh5 (17. Bxf7+ $1 $14 Kxf7 18. Nh5) 17... Nxh5 $1 $11 18. Qxh5 (18. Bxf7+ $11 {was the only way to keep the balance.} Kd7 19. Rc1) 18... Qg5 $17 19. Qxf7+ Kd8 20. Rf6 (20. Qf2 $142 Qe3 21. Qxe3 dxe3 22. Rae1) 20... Nd7 (20... Bd7 $142 21. Rg6 Qe5) 21. Rf5 (21. Rg6 $17 Rf8 22. Rxg5 Rxf7 23. Rd5) 21... Rf8 (21... Qe3+ $19 {is more deadly.} 22. Kh1 Rf8) 22. Qd5 $2 (22. Rxg5 $17 {was the only defense.} Rxf7 23. Rd5) 22... Rxf5 $19 23. exf5 h3 24. g3 Qe3+ 25. Kh1 $2 (25. Kf1 {was forced.} Qxd3+ 26. Kg1 Qe3+ 27. Kf1) 25... a5 26. f6 (26. Rf1 $142 Ra6 27. Bc4) 26... Ra6 27. Rf1 {[#] and the idea f7 leaves White hopeful.} Rxf6 $1 {[%cal Rf6f1][%mdl 512] Black mates.} 28. Rd1 (28. Rxf6 Qe1+) 28... Qe2 29. Kg1 Qf2+ {Black used his chance. Av CentiPawn Loss W=-111/B=-72. Weighted=-80/-86} 0-1

[Event "42nd Arco Festival 2020"]
[Site "Arco"]
[Date "2020.10.18"]
[Round "9.13"]
[White "Lohia, Sohum"]
[Black "Ruecker, Benjamin"]
[Result "1-0"]
[WhiteElo "1967"]
[BlackElo "2202"]
[Annotator "TA"]
[PlyCount "97"]
[EventDate "2020.10.10"]
[EventType "swiss"]
[EventCountry "ITA"]
[SourceTitle "playchess.com"]
[Source "ChessBase"]
[SourceQuality "1"]

{[%evp 19,97,23,31,25,29,30,33,33,60,47,48,9,9,0,0,0,0,0,9,12,36,14,27,19,72,18,42,12,252,243,240,250,243,247,264,266,262,234,228,217,244,245,264,255,249,150,141,147,149,128,195,194,184,175,181,116,159,179,144,163,314,333,298,260,483,196,29961,29962,29964,29965,29970,29968,29973,29974,29973,29975,29975,29976,29976,29975]} 1. e4 c6 2. d4 d5 3. exd5 cxd5 4. Bd3 Nc6 5. c3 Nf6 6. Bf4 Bg4 7. Qb3 Qd7 8. Nd2 e6 9. Ngf3 Bd6 10. Bxd6 Qxd6 11. O-O {B13: Caro-Kann: Exchange Variation and Panov-Botvinnik Attack.} O-O 12. Rfe1 Ne7 13. Ne5 {White is slightly better.} Bf5 14. Bxf5 Nxf5 15. a4 {[#]} a5 $146 ({Predecessor:} 15... Qc7 16. Qb4 a5 17. Qa3 Rfc8 18. Rec1 Qb6 19. Rab1 Rc7 20. b4 axb4 21. Rxb4 Qd6 {0-1 (38) Pankova,J (1832)-Lomakina,G (2024) Moscow 2018}) 16. Qc2 Qc7 17. Ndf3 Nd6 18. Nd3 b5 19. axb5 Rfb8 20. Nfe5 Rxb5 21. Nc5 Nde4 (21... h6 $11) 22. Ned3 (22. Qe2 $16 Rxc5 23. dxc5) 22... h6 23. c4 {[%mdl 64] Overworked Piece} (23. f3 $5 {[%cal Rf3e4]} Nxc5 24. dxc5 $11 (24. Nxc5 Nd7 $11)) 23... dxc4 $2 (23... Rbb8 $11) 24. Nxe4 $18 Ng4 25. Ng3 Rd8 26. Ne5 Rxd4 27. Nxg4 Rxg4 28. Re4 Rxe4 29. Nxe4 Qe5 30. Nc3 ({Don't do} 30. Qxc4 $6 Rb4 $16) 30... Rb3 31. h3 g5 32. Qe4 Qxe4 33. Nxe4 Rxb2 34. Rxa5 $16 {[%mdl 4096] Endgame KRN-KR} Re2 (34... f5 $16 {might work better.}) 35. Nc3 Rc2 {Hoping for ...Rc1+.} 36. Ra3 Kg7 37. Ne4 (37. Kf1 $18) 37... f5 {[#]} 38. Rc3 $1 {[%cal Rc3c2]} Rxc3 39. Nxc3 $18 {KN-KP} Kf6 $2 (39... Kg6 {was necessary.} 40. Kf1 Kf6) 40. Kf1 Ke5 {If Black can now play ...Kd4 this consolidates a bit.} 41. Ke2 h5 $2 (41... Kd4 {was called for.} 42. Kd2 h5 43. Ne2+ Kd5) 42. f3 (42. Ke3 $142 f4+ 43. Kd2) 42... h4 $2 {[#]} (42... Kd4 $18 43. Kd2 Kc5) 43. Ke3 $1 {White mates.} Kf6 44. Kd4 e5+ 45. Kxc4 e4 46. fxe4 Ke5 47. exf5 Kxf5 48. Kd3 g4 49. Ke3 {Av CentiPawn Loss W=-17/B=-48. Weighted=-32/-77} 1-0

[Event "42nd Arco Festival 2020"]
[Site "Arco"]
[Date "2020.10.18"]
[Round "9.14"]
[White "Urh, Zala"]
[Black "Fuochi, Tommaso"]
[Result "1/2-1/2"]
[WhiteElo "2195"]
[BlackElo "1992"]
[Annotator "TA"]
[PlyCount "85"]
[EventDate "2020.10.10"]
[EventType "swiss"]
[EventCountry "ITA"]
[SourceTitle "playchess.com"]
[Source "ChessBase"]
[SourceQuality "1"]

{[%evp 12,85,7,-4,-2,-4,0,-2,0,-1,0,0,13,7,0,-10,-7,-3,-9,-64,-50,-75,-71,-81,-78,-143,-159,-161,-69,-160,-150,-187,-172,-169,-137,-179,-177,-243,-195,-234,-232,-186,-109,-98,-88,-116,-91,-86,-81,-92,-101,-90,-100,-92,-109,-108,-115,-138,-117,-128,-130,-173,-164,-168,-169,-158,-115,-143,-119,-116,-66,-155,0,-106,0,-141]} 1. d4 e6 2. c4 Nf6 3. Nc3 Bb4 4. e3 O-O 5. Nge2 d5 6. a3 Bd6 7. Ng3 c6 {E46: Nimzo-Indian: Rubinstein: 4 e3 0-0 5 Ne2 without early Bd3.} 8. Be2 Nbd7 9. O-O dxc4 10. Bxc4 Nb6 11. Ba2 e5 12. dxe5 Bxe5 13. Qc2 Qe7 14. e4 Be6 $36 {[%mdl 2048] [#] Black has the initiative.} 15. Bb1 $146 (15. Nce2 $11) ({Predecessor:} 15. Bxe6 Qxe6 16. Nge2 Rad8 17. f4 Bxc3 18. Nxc3 Qc4 19. Rf3 Rfe8 20. b3 Qd4+ 21. Be3 {½-½ (51) Lopez Martinez,J (2584)-Meier,G (2648) Batumi 2018}) 15... Bc4 $15 {aiming for ...Bxg3.} 16. Nf5 Qc7 17. f4 Bxc3 $1 18. bxc3 (18. Rf3 $142 Be6 19. Nh6+ $1 {[%mdl 512]} gxh6 20. Qxc3) 18... Bxf1 $17 19. Kxf1 Ne8 (19... g6 $19 20. e5 Ne8 21. Nh6+ Kh8) 20. e5 (20. c4 $15) 20... g6 21. Nd4 Ng7 22. Ba2 c5 23. Nf3 Rad8 24. Ng5 (24. Qe2 $142) 24... Qd7 25. Be3 {[#]} Nd5 $1 {[%cal Rd5e3]} 26. Bd2 Qf5 ({Black should try} 26... Qc6 $19 27. c4 Ne7) 27. Qxf5 Nxf5 28. e6 f6 (28... Nc7 {looks sharper.} 29. exf7+ Kg7 30. Ke2 h6 31. Ne4 Nd6) 29. Nf7 Rxf7 30. exf7+ Kxf7 31. g4 Nfe7 32. Re1 Rd6 33. Kf2 Kf8 34. Re2 Ra6 35. c4 Nc7 ({Weaker is} 35... Rxa3 36. Bc1 $16) 36. Bc3 Kf7 ({Don't play} 36... Rxa3 37. Bxf6 Nc6 38. Bb1 $17) 37. Bb2 Ne6 38. Bc1 Rd6 39. Bb1 Rd1 40. Re1 Rd4 41. Re4 ({White should play} 41. f5 $15 gxf5 42. gxf5) 41... Rd1 42. Re1 Rd4 43. Re4 $1 {Av CentiPawn Loss W=-22/B=-12. Weighted=-23/-13} 1/2-1/2

[Event "42nd Arco Festival 2020"]
[Site "Arco"]
[Date "2020.10.18"]
[Round "9.15"]
[White "Perestjuk, Marko"]
[Black "Lang, Alexander"]
[Result "1-0"]
[WhiteElo "2124"]
[BlackElo "1983"]
[Annotator "TA"]
[PlyCount "77"]
[EventDate "2020.10.10"]
[EventType "swiss"]
[EventCountry "ITA"]
[SourceTitle "playchess.com"]
[Source "ChessBase"]
[SourceQuality "1"]

{[%evp 13,77,19,22,14,47,47,56,48,45,24,57,46,69,58,72,44,73,47,55,0,73,82,109,29,34,34,43,41,76,68,71,82,66,34,120,90,74,34,126,154,168,169,248,251,474,382,554,556,825,873,883,883,883,647,620,637,586,533,547,535,539,528,1107,569,1029,1015]} 1. e4 c6 2. d4 d5 3. exd5 cxd5 4. Bd3 Nc6 5. c3 Qc7 6. h3 Nf6 7. Nf3 g6 8. Qc2 {[#] B13: Caro-Kann: Exchange Variation and Panov-Botvinnik Attack.} Rb8 $146 ({Predecessor:} 8... Bg7 9. O-O O-O 10. Re1 Nd7 11. Be3 e5 12. dxe5 Ndxe5 13. Nbd2 Be6 14. Nxe5 Nxe5 15. Bd4 Rfe8 {½-½ (74) Wei,Y (2732)-Le,Q (2709) chess.com INT 2020}) 9. O-O Bg7 10. Re1 {White is slightly better.} O-O 11. Nbd2 Ne8 12. Nf1 b5 13. Bg5 Be6 14. Bh4 Qd7 15. a3 a5 16. Re2 (16. Ne3 $14) 16... f6 (16... Nd6 $11) 17. a4 $16 b4 18. c4 (18. Bb5 $16 {Strongly threatening cxb4.} Bf5 19. Qb3) 18... Bf7 $11 19. cxd5 Bxd5 20. Bc4 Rc8 21. Ne3 Bxc4 22. Qxc4+ Kh8 23. d5 (23. Nd5 $5 {[%cal Rd5b6]} Qd8 24. Qa6 $14) 23... Nd8 (23... Ne5 $14 24. Nxe5 fxe5) 24. Qa6 Rc5 25. Nd4 {Black must now prevent Nb3.} Nd6 {[#]} ({Black should try} 25... Bh6 $1 $14) 26. Nb3 $1 $36 {[%cal Rb3c5][%mdl 2048] White has strong initiative.} Rc7 27. Qxa5 N8b7 (27... g5 $142) 28. Qxb4 $18 e6 $2 (28... Bh6 {is a better defense.} 29. f4 Ra8) 29. a5 {[%cal Ba4a5,Ba5a6][%mdl 32]} exd5 (29... e5 {was necessary.} 30. a6 Ra8) 30. a6 {White is clearly winning.} Rb8 31. Bg3 Bf8 32. Nxd5 Nf5 33. Qd2 Nxg3 34. fxg3 Rc6 35. axb7 Qxb7 36. Na5 Qa7+ 37. Kh2 Ra6 38. b4 {Threatens to win with Nc6!} Rd8 {[#]} 39. Nc6 $1 {[%mdl 64] Double Attack. Av CentiPawn Loss W=-37/B=-70. Weighted=-50/-84} 1-0

[Event "42nd Arco Festival 2020"]
[Site "Arco"]
[Date "2020.10.18"]
[Round "9.16"]
[White "Perez Bolanos, David"]
[Black "Voltolini, Giuseppe"]
[Result "1-0"]
[WhiteElo "2031"]
[BlackElo "2120"]
[Annotator "TA"]
[PlyCount "77"]
[EventDate "2020.10.10"]
[EventType "swiss"]
[EventCountry "ITA"]
[SourceTitle "playchess.com"]
[Source "ChessBase"]
[SourceQuality "1"]

{[%evp 19,77,26,41,72,56,60,58,44,53,71,130,51,78,54,87,34,21,15,14,20,240,222,248,250,299,339,313,204,222,98,111,112,89,90,74,84,193,168,178,183,134,0,118,109,159,158,162,189,188,181,259,180,219,226,512,240,500,495,475,477]} 1. e4 Nf6 2. e5 Nd5 3. d4 d6 4. c4 Nb6 5. exd6 cxd6 6. Nc3 g6 7. h3 Bg7 8. Nf3 O-O 9. Be2 Nc6 10. O-O e5 {[%cal Rc6d4]} 11. Bg5 $1 {11.Bg5 is better than 11.Be3. B04: Alekhine's Defence: 4 Nf3.} f6 12. Be3 f5 13. dxe5 {White is slightly better.} dxe5 14. Qb3 {[#]} Nd4 $146 (14... Be6 $142) ({Predecessor:} 14... Qf6 15. Bxb6 axb6 16. Nd5 Qd8 17. Nxb6 Rb8 18. Rfd1 Qe7 19. Nd5 Qd8 20. Nb4 Qc7 21. c5+ Kh8 {0-1 (42) Ahmed,A (1863)-Joseph,M (2041) Batumi 2018}) 15. Bxd4 (15. Nxd4 $16 exd4 16. c5+ Kh8 17. Rad1 (17. cxb6 dxe3 18. bxa7 exf2+ 19. Rxf2 Qa5 $11)) 15... exd4 $14 16. Rfd1 {c5+ is the strong threat.} Nd7 17. c5+ ({Weaker is} 17. Nxd4 Nc5 $15) (17. Nb5 $16) 17... Kh8 18. Nxd4 Nxc5 19. Qc4 b6 $2 {[#]} (19... Ne4 $1 $11 {and Black is okay.}) 20. Bf3 $1 $18 {Hoping for Nb3.} Ba6 21. Ndb5 Qg5 22. Bxa8 Rxa8 23. h4 Qf6 24. Qf4 (24. a4 $18 {has better winning chances.}) 24... Bxb5 $16 25. Nxb5 Qxb2 {[%mdl 64] Double Attack} 26. Nd6 Rf8 27. Qc4 {And now Nf7+ would win.} h6 (27... Ne4 $16 28. Nxe4 fxe4) 28. Rab1 $36 {[%mdl 2048] White is in control.} Qf6 29. h5 gxh5 30. Qd5 ({Better is} 30. Rd5 $16) 30... Qg6 (30... Na4 $1 $11) 31. Qf3 Qg4 {[#]} 32. Rd5 $1 Qxf3 33. gxf3 Kh7 34. Rxf5 ({Much less strong is} 34. Nxf5 Bf6 $16) 34... Rg8 (34... Rd8 $142) 35. Kf1 Kg6 36. Ke2 Rd8 $2 (36... Bf6 37. Rg1+ Bg5) 37. Rg1+ $18 Kh7 {[#]} 38. Rf7 $1 Ne6 39. Nf5 {Av CentiPawn Loss W=-20/B=-44. Weighted=-23/-50} 1-0